000 00581nam a22001697a 4500
005 20251108171004.0
008 250721s1987 xx 000 0 ara d
082 1 4 _a910.167/محم
100 1 _aالسماك، محمد أزهر سعيد
245 1 0 _aأسس جغرافية الصناعة و تطبيقاتها /
264 1 _aالموصل :
_bوزارة التعليم العلمي و البحث العلمي،
_c1987.
300 _a513ص
650 1 7 _aالجغرافيا الصناعية
700 1 _aالتميمي، عباس علي
942 _2ddc
_cBK
999 _c53769
_d53769